[Event "European Individual Chess Championship 2017"]
[Site "Minsk"]
[Date "2017.06.07"]
[Round "8.9"]
[White "Ponomariov, Ruslan"]
[Black "Kozul, Zdenko"]
[Result "1/2-1/2"]
[BlackElo "2617"]
[WhiteElo "2712"]
[LiveChessVersion "1.4.8"]

1. e4 {[%clk 1:30:57]} c5 {[%clk 1:30:46]} 2. Nf3 {[%clk 1:31:10]} d6
{[%clk 1:30:51]} 3. d4 {[%clk 1:31:26]} cxd4 {[%clk 1:31:13]} 4. Qxd4
{[%clk 1:31:48]} Nc6 {[%clk 1:29:47]} 5. Bb5 {[%clk 1:31:41]} Bd7
{[%clk 1:30:08]} 6. Qd3 {[%clk 1:31:33]} Nf6 {[%clk 1:24:18]} 7. c4
{[%clk 1:31:18]} e6 {[%clk 1:22:48]} 8. Nc3 {[%clk 1:26:16]} Be7 {[%clk 1:18:05]}
9. O-O {[%clk 1:25:30]} O-O {[%clk 1:16:28]} 10. Bxc6 {[%clk 1:21:08]} Bxc6
{[%clk 1:14:46]} 11. Nd4 {[%clk 1:20:25]} Qa5 {[%clk 1:09:33]} 12. b3
{[%clk 1:18:35]} Rfd8 {[%clk 1:05:41]} 13. Bb2 {[%clk 1:15:11]} Qh5
{[%clk 1:02:33]} 14. f4 {[%clk 1:07:06]} d5 {[%clk 0:47:30]} 15. cxd5
{[%clk 1:05:34]} Bc5 {[%clk 0:46:51]} 16. Rad1 {[%clk 0:51:21]} exd5
{[%clk 0:44:54]} 17. e5 {[%clk 0:50:55]} Ne4 {[%clk 0:44:39]} 18. Nce2
{[%clk 0:50:44]} Bd7 {[%clk 0:42:12]} 19. h3 {[%clk 0:48:26]} Rac8
{[%clk 0:38:53]} 20. Kh2 {[%clk 0:48:01]} Bg4 {[%clk 0:33:04]} 21. Rde1
{[%clk 0:45:10]} Bxe2 {[%clk 0:30:06]} 22. Rxe2 {[%clk 0:45:05]} Bb6
{[%clk 0:27:42]} 23. g4 {[%clk 0:38:31]} Qg6 {[%clk 0:27:15]} 24. f5
{[%clk 0:30:03]} Qg5 {[%clk 0:13:03]} 25. Kg2 {[%clk 0:22:21]} Bxd4
{[%clk 0:09:57]} 26. Bxd4 {[%clk 0:22:29]} h5 {[%clk 0:10:10]} 27. Qf3
{[%clk 0:21:12]} hxg4 {[%clk 0:03:34]} 28. hxg4 {[%clk 0:21:11]} Rc1
{[%clk 0:03:35]} 29. Be3 {[%clk 0:11:46]} Rxf1 {[%clk 0:03:30]} 30. Kxf1
{[%clk 0:12:02]} Qe7 {[%clk 0:02:37]} 31. Qf4 {[%clk 0:10:49]} Rc8
{[%clk 0:02:02]} 32. Rh2 {[%clk 0:08:31]} Qd7 {[%clk 0:01:58]} 33. f6
{[%clk 0:07:56]} Qb5+ {[%clk 0:01:59]} 34. Kg1 {[%clk 0:07:48]} Qd3
{[%clk 0:02:20]} 35. fxg7 {[%clk 0:06:18]} Qb1+ {[%clk 0:01:47]} 36. Kg2
{[%clk 0:04:55]} Rc2+ {[%clk 0:01:54]} 37. Kh3 {[%clk 0:05:24]} Rxh2+
{[%clk 0:01:55]} 38. Kxh2 {[%clk 0:05:52]} Qxa2+ {[%clk 0:02:18]} 39. Kh3
{[%clk 0:06:08]} Qa6 {[%clk 0:01:24]} 40. Kh4 {[%clk 0:30:48]} Kxg7
{[%clk 0:30:46]} 41. Bd4 {[%clk 0:26:52]} Qh6+ {[%clk 0:21:54]} 42. Qxh6+
{[%clk 0:27:05]} Kxh6 {[%clk 0:22:19]} 43. Bxa7 {[%clk 0:27:24]} Kg7
{[%clk 0:22:43]} 44. Be3 {[%clk 0:16:50]} Kf8 {[%clk 0:22:40]} 45. g5
{[%clk 0:17:04]} Ke7 {[%clk 0:22:13]} 46. Kg4 {[%clk 0:17:06]} Ke6
{[%clk 0:22:27]} 47. Kf4 {[%clk 0:15:46]} Nc3 {[%clk 0:22:46]} 48. b4
{[%clk 0:12:47]} Nb5 {[%clk 0:20:49]} 49. Bb6 {[%clk 0:08:52]} Na3
{[%clk 0:20:52]} 50. Bd4 {[%clk 0:07:02]} Nc2 {[%clk 0:20:31]} 51. Bc3
{[%clk 0:07:26]} b5 {[%clk 0:18:27]} 52. Bd2 {[%clk 0:06:46]} Nd4
{[%clk 0:18:46]} 53. Be1 {[%clk 0:06:59]} Nc6 {[%clk 0:18:43]} 54. Bc3
{[%clk 0:07:20]} Ne7 {[%clk 0:09:39]} 55. Ke3 {[%clk 0:07:29]} Nc6
{[%clk 0:07:14]} 56. Kf4 {[%clk 0:07:53]} d4 {[%clk 0:07:21]} 57. Be1
{[%clk 0:07:41]} Kd5 {[%clk 0:06:02]} 58. e6 {[%clk 0:08:00]} Kxe6
{[%clk 0:06:17]} 59. Ke4 {[%clk 0:08:26]} Ne5 {[%clk 0:06:20]} 60. Bd2
{[%clk 0:06:50]} Nc6 {[%clk 0:04:13]} 1/2-1/2

[Event "European Individual Chess Championship 2017"]
[Site "Minsk"]
[Date "2017.06.07"]
[Round "8.10"]
[White "Naiditsch, Arkadij"]
[Black "Erdos, Viktor"]
[Result "1/2-1/2"]
[BlackElo "2614"]
[WhiteElo "2700"]
[LiveChessVersion "1.4.8"]

1. c4 {[%clk 1:30:56]} b6 {[%clk 1:20:49]} 2. Nc3 {[%clk 1:30:18]} e6
{[%clk 1:21:10]} 3. d4 {[%clk 1:27:04]} Bb4 {[%clk 1:21:17]} 4. e3
{[%clk 1:24:15]} Nf6 {[%clk 1:15:30]} 5. Nf3 {[%clk 1:20:00]} Bb7
{[%clk 1:15:16]} 6. Be2 {[%clk 1:19:39]} O-O {[%clk 1:12:47]} 7. O-O
{[%clk 1:19:49]} c5 {[%clk 1:04:08]} 8. Bd2 {[%clk 1:17:35]} cxd4
{[%clk 0:51:22]} 9. exd4 {[%clk 1:15:14]} Be7 {[%clk 0:51:43]} 10. Ne5
{[%clk 0:59:09]} d5 {[%clk 0:36:06]} 11. Bf3 {[%clk 0:58:22]} Nc6
{[%clk 0:36:18]} 12. Bg5 {[%clk 0:39:03]} Rc8 {[%clk 0:30:28]} 13. Re1
{[%clk 0:27:49]} dxc4 {[%clk 0:19:10]} 14. Qa4 {[%clk 0:28:09]} Nxe5
{[%clk 0:05:31]} 15. Bxb7 {[%clk 0:26:42]} Nd3 {[%clk 0:05:52]} 16. Bxc8
{[%clk 0:13:55]} Nxe1 {[%clk 0:06:10]} 17. Rxe1 {[%clk 0:10:25]} Qxc8
{[%clk 0:06:36]} 18. Qxa7 {[%clk 0:10:50]} Bd8 {[%clk 0:06:58]} 19. Qa4
{[%clk 0:07:33]} Nd5 {[%clk 0:04:32]} 20. Nxd5 {[%clk 0:07:34]} exd5
{[%clk 0:04:58]} 21. Bxd8 {[%clk 0:06:27]} Qxd8 {[%clk 0:04:27]} 22. Qb5
{[%clk 0:05:59]} Qa8 {[%clk 0:04:19]} 23. Qxb6 {[%clk 0:05:23]} Qxa2
{[%clk 0:04:45]} 24. h4 {[%clk 0:05:31]} h6 {[%clk 0:05:07]} 25. Qb5
{[%clk 0:04:15]} Qa8 {[%clk 0:05:01]} 26. g3 {[%clk 0:02:52]} Rb8
{[%clk 0:04:14]} 27. Qd7 {[%clk 0:03:20]} Rd8 {[%clk 0:04:39]} 28. Qe7
{[%clk 0:02:57]} Qb8 {[%clk 0:05:04]} 29. Kg2 {[%clk 0:02:23]} Qd6
{[%clk 0:05:25]} 30. Qxd6 {[%clk 0:01:42]} Rxd6 {[%clk 0:05:53]} 31. Re8+
{[%clk 0:02:04]} Kh7 {[%clk 0:06:18]} 32. Rb8 {[%clk 0:02:22]} Kg6
{[%clk 0:06:31]} 33. Kf3 {[%clk 0:02:25]} Rf6+ {[%clk 0:05:12]} 34. Kg2
{[%clk 0:01:22]} Rd6 {[%clk 0:04:28]} 35. Rb5 {[%clk 0:00:46]} Kf5
{[%clk 0:04:38]} 36. f3 {[%clk 0:00:51]} Rd7 {[%clk 0:04:41]} 37. Kf2
{[%clk 0:00:54]} h5 {[%clk 0:03:30]} 38. Ke3 {[%clk 0:00:50]} f6 {[%clk 0:03:57]}
39. Kf2 {[%clk 0:00:40]} Rd6 {[%clk 0:02:54]} 40. Rb7 {[%clk 0:30:42]} g5
{[%clk 0:33:02]} 41. hxg5 {[%clk 0:29:37]} fxg5 {[%clk 0:33:25]} 42. Rf7+
{[%clk 0:26:12]} Kg6 {[%clk 0:30:01]} 43. Rb7 {[%clk 0:25:07]} g4
{[%clk 0:21:57]} 44. Rb5 {[%clk 0:24:41]} Rf6 {[%clk 0:14:29]} 45. f4
{[%clk 0:24:57]} Rd6 {[%clk 0:14:56]} 46. b3 {[%clk 0:25:07]} cxb3
{[%clk 0:14:32]} 47. Rxb3 {[%clk 0:25:17]} Rc6 {[%clk 0:14:47]} 48. Re3
{[%clk 0:24:50]} Rc2+ {[%clk 0:14:36]} 49. Re2 {[%clk 0:23:18]} Rxe2+
{[%clk 0:13:15]} 50. Kxe2 {[%clk 0:23:45]} Kf5 {[%clk 0:13:28]} 51. Ke3
{[%clk 0:24:06]} Kf6 {[%clk 0:13:55]} 52. Ke2 {[%clk 0:24:20]} Kf5
{[%clk 0:14:21]} 53. Ke3 {[%clk 0:24:43]} Kf6 1/2-1/2

[Event "European Individual Chess Championship 2017"]
[Site "Minsk"]
[Date "2017.06.07"]
[Round "8.11"]
[White "Banusz, Tamas"]
[Black "Rodshtein, Maxim"]
[Result "0-1"]
[BlackElo "2698"]
[WhiteElo "2616"]
[LiveChessVersion "1.4.8"]

1. Nf3 {[%clk 1:28:14]} c5 {[%clk 1:30:31]} 2. c4 {[%clk 1:28:33]} Nc6
{[%clk 1:30:55]} 3. d4 {[%clk 1:28:56]} cxd4 {[%clk 1:31:19]} 4. Nxd4
{[%clk 1:29:22]} Nf6 {[%clk 1:31:43]} 5. Nc3 {[%clk 1:29:46]} e6 {[%clk 1:32:01]}
6. Bf4 {[%clk 1:28:53]} d5 {[%clk 1:31:59]} 7. e3 {[%clk 1:28:48]} Bb4
{[%clk 1:31:33]} 8. Nxc6 {[%clk 1:28:48]} bxc6 {[%clk 1:31:55]} 9. Qa4
{[%clk 1:29:02]} Bxc3+ {[%clk 1:31:45]} 10. bxc3 {[%clk 1:29:04]} O-O
{[%clk 1:32:01]} 11. Bd3 {[%clk 1:27:01]} a5 {[%clk 1:26:38]} 12. c5
{[%clk 1:24:46]} Ba6 {[%clk 1:19:01]} 13. Bxa6 {[%clk 1:24:45]} Rxa6
{[%clk 1:19:27]} 14. Qd4 {[%clk 1:24:22]} Ne8 {[%clk 1:10:18]} 15. Rb1
{[%clk 1:07:36]} f6 {[%clk 1:06:48]} 16. Qd3 {[%clk 1:05:57]} Ra7
{[%clk 1:00:28]} 17. Rb6 {[%clk 0:52:44]} e5 {[%clk 1:00:35]} 18. Bg3
{[%clk 0:53:09]} Qd7 {[%clk 1:00:31]} 19. O-O {[%clk 0:46:12]} Nc7
{[%clk 0:59:52]} 20. c4 {[%clk 0:46:21]} Qe6 {[%clk 0:41:52]} 21. Rc1
{[%clk 0:41:06]} Re8 {[%clk 0:41:05]} 22. Qc2 {[%clk 0:35:10]} a4
{[%clk 0:39:55]} 23. cxd5 {[%clk 0:34:17]} Nxd5 {[%clk 0:40:07]} 24. Rbb1
{[%clk 0:34:33]} Nc7 {[%clk 0:36:13]} 25. Rd1 {[%clk 0:28:24]} Nb5
{[%clk 0:33:59]} 26. Rbc1 {[%clk 0:28:16]} a3 {[%clk 0:25:52]} 27. Rd2
{[%clk 0:27:20]} Rd7 {[%clk 0:25:37]} 28. Rxd7 {[%clk 0:25:02]} Qxd7
{[%clk 0:26:01]} 29. Rd1 {[%clk 0:25:25]} Qe6 {[%clk 0:25:45]} 30. h4
{[%clk 0:24:08]} g6 {[%clk 0:21:05]} 31. Rd2 {[%clk 0:22:13]} Kg7
{[%clk 0:19:31]} 32. Kh2 {[%clk 0:19:56]} Re7 {[%clk 0:18:36]} 33. Qd3
{[%clk 0:19:29]} h6 {[%clk 0:09:56]} 34. e4 {[%clk 0:16:18]} g5 {[%clk 0:07:54]}
35. f3 {[%clk 0:15:38]} Kh7 {[%clk 0:06:13]} 36. Bf2 {[%clk 0:13:44]} g4
{[%clk 0:05:55]} 37. Be3 {[%clk 0:06:52]} Rg7 {[%clk 0:05:28]} 38. Qd8
{[%clk 0:05:07]} gxf3 {[%clk 0:02:48]} 39. gxf3 {[%clk 0:05:36]} Qf7
{[%clk 0:02:45]} 40. Qc8 {[%clk 0:35:00]} Qh5 {[%clk 0:32:28]} 41. Qf5+
{[%clk 0:34:56]} Qxf5 {[%clk 0:32:25]} 42. exf5 {[%clk 0:35:24]} h5
{[%clk 0:30:41]} 43. Rd3 {[%clk 0:30:23]} Ra7 {[%clk 0:29:57]} 44. Rd8
{[%clk 0:22:35]} Nc3 {[%clk 0:20:21]} 45. Bd2 {[%clk 0:20:59]} Nxa2
{[%clk 0:20:36]} 46. Rd6 {[%clk 0:16:04]} Rb7 {[%clk 0:20:14]} 47. Rd3
{[%clk 0:15:34]} Rb2 {[%clk 0:19:31]} 48. Kg3 {[%clk 0:11:58]} Rc2
{[%clk 0:18:07]} 49. Rd7+ {[%clk 0:05:17]} Kg8 {[%clk 0:18:16]} 50. Bg5
{[%clk 0:03:41]} Nc3 {[%clk 0:13:14]} 51. Bxf6 {[%clk 0:04:01]} a2
{[%clk 0:13:32]} 52. Bg5 {[%clk 0:01:02]} Ne2+ {[%clk 0:12:27]} 0-1

[Event "European Individual Chess Championship 2017"]
[Site "Minsk"]
[Date "2017.06.07"]
[Round "8.12"]
[White "Melkumyan, Hrant"]
[Black "Tomashevsky, Evgeny"]
[Result "0-1"]
[BlackElo "2696"]
[WhiteElo "2613"]
[LiveChessVersion "1.4.8"]

1. Nf3 {[%clk 1:27:59]} d5 {[%clk 1:30:46]} 2. g3 {[%clk 1:27:58]} c6
{[%clk 1:28:40]} 3. Bg2 {[%clk 1:28:02]} Bg4 {[%clk 1:29:00]} 4. O-O
{[%clk 1:28:13]} Nf6 {[%clk 1:25:56]} 5. h3 {[%clk 1:27:58]} Bh5 {[%clk 1:26:18]}
6. d3 {[%clk 1:28:07]} Nbd7 {[%clk 1:23:46]} 7. c4 {[%clk 1:27:21]} dxc4
{[%clk 1:21:03]} 8. dxc4 {[%clk 1:27:37]} e6 {[%clk 1:21:21]} 9. Nc3
{[%clk 1:25:56]} Be7 {[%clk 1:20:37]} 10. Be3 {[%clk 1:17:09]} Qc7
{[%clk 1:10:42]} 11. Qc1 {[%clk 0:55:54]} O-O {[%clk 1:05:16]} 12. Rd1
{[%clk 0:54:16]} Rfd8 {[%clk 0:53:15]} 13. b3 {[%clk 0:52:38]} h6
{[%clk 0:44:51]} 14. Qb2 {[%clk 0:50:23]} Bxf3 {[%clk 0:24:16]} 15. Bxf3
{[%clk 0:33:22]} Bc5 {[%clk 0:24:32]} 16. Bxc5 {[%clk 0:25:12]} Nxc5
{[%clk 0:24:39]} 17. Qa3 {[%clk 0:25:36]} Qe5 {[%clk 0:16:30]} 18. b4
{[%clk 0:24:38]} Ncd7 {[%clk 0:16:42]} 19. b5 {[%clk 0:22:40]} cxb5
{[%clk 0:09:15]} 20. cxb5 {[%clk 0:22:56]} Qc5 {[%clk 0:09:00]} 21. Qb2
{[%clk 0:15:37]} Qc7 {[%clk 0:09:00]} 22. Rac1 {[%clk 0:15:14]} Nc5
{[%clk 0:08:53]} 23. Rxd8+ {[%clk 0:10:33]} Rxd8 {[%clk 0:09:16]} 24. Qa3
{[%clk 0:10:57]} b6 {[%clk 0:09:14]} 25. Na4 {[%clk 0:10:24]} Nfd7
{[%clk 0:09:28]} 26. Rd1 {[%clk 0:09:00]} Nxa4 {[%clk 0:08:36]} 27. Qxa4
{[%clk 0:09:24]} Rc8 {[%clk 0:08:54]} 28. Kg2 {[%clk 0:06:42]} Nc5
{[%clk 0:06:12]} 29. Qd4 {[%clk 0:06:35]} Nb7 {[%clk 0:05:05]} 30. Qd7
{[%clk 0:06:18]} Nc5 {[%clk 0:05:31]} 31. Qd4 {[%clk 0:04:44]} Nb7
{[%clk 0:05:56]} 32. Qh4 {[%clk 0:03:36]} Nc5 {[%clk 0:05:48]} 33. a4
{[%clk 0:03:12]} a6 {[%clk 0:03:54]} 34. Bc6 {[%clk 0:02:16]} a5 {[%clk 0:03:21]}
35. e3 {[%clk 0:01:56]} Kf8 {[%clk 0:03:21]} 36. Qd4 {[%clk 0:01:15]} Qe7
{[%clk 0:03:37]} 37. f4 {[%clk 0:00:47]} Qf6 {[%clk 0:03:12]} 38. Qd6+
{[%clk 0:00:42]} Qe7 {[%clk 0:02:00]} 39. Qd4 {[%clk 0:01:04]} Qf6
{[%clk 0:02:15]} 40. Qd6+ {[%clk 0:31:03]} Kg8 {[%clk 0:30:31]} 41. Qd4
{[%clk 0:24:15]} Qxd4 {[%clk 0:16:57]} 42. Rxd4 {[%clk 0:24:39]} Kf8
{[%clk 0:17:22]} 43. Kf3 {[%clk 0:24:55]} Ke7 {[%clk 0:17:29]} 44. Ke2
{[%clk 0:25:21]} Rd8 {[%clk 0:17:25]} 45. Rc4 {[%clk 0:25:45]} f6
{[%clk 0:11:36]} 46. Be4 {[%clk 0:21:49]} g5 {[%clk 0:10:54]} 47. Bc2
{[%clk 0:18:59]} e5 {[%clk 0:11:20]} 48. Bf5 {[%clk 0:11:10]} Rd5
{[%clk 0:10:53]} 49. fxg5 {[%clk 0:10:35]} fxg5 {[%clk 0:11:13]} 50. h4
{[%clk 0:09:47]} Kf6 {[%clk 0:09:45]} 51. Bc2 {[%clk 0:10:04]} Rd8
{[%clk 0:09:49]} 52. Bb1 {[%clk 0:09:57]} Rd6 {[%clk 0:07:16]} 53. Bc2
{[%clk 0:09:52]} Rd8 {[%clk 0:05:18]} 54. Bb1 {[%clk 0:10:18]} gxh4
{[%clk 0:03:45]} 55. gxh4 {[%clk 0:10:10]} Rg8 {[%clk 0:04:09]} 56. Kf2
{[%clk 0:09:41]} Rg7 {[%clk 0:04:07]} 57. Bc2 {[%clk 0:08:58]} Ke6
{[%clk 0:03:18]} 58. Bb1 {[%clk 0:08:32]} Kd5 {[%clk 0:02:53]} 59. Rc1
{[%clk 0:02:09]} Rg4 {[%clk 0:02:17]} 60. e4+ {[%clk 0:00:46]} Ke6
{[%clk 0:01:53]} 61. h5 {[%clk 0:00:37]} Rg5 {[%clk 0:01:53]} 62. Ba2+
{[%clk 0:01:03]} Ke7 {[%clk 0:02:17]} 63. Bc4 {[%clk 0:00:41]} Rxh5
{[%clk 0:02:11]} 64. Kf3 {[%clk 0:00:35]} Nxa4 {[%clk 0:01:23]} 65. Bd5
{[%clk 0:00:42]} Nc5 {[%clk 0:01:42]} 66. Kg4 {[%clk 0:01:04]} Rg5+
{[%clk 0:02:06]} 67. Kh4 {[%clk 0:01:14]} Rg6 {[%clk 0:01:36]} 68. Kh5
{[%clk 0:01:31]} Rf6 {[%clk 0:02:02]} 69. Rg1 {[%clk 0:01:54]} Nd3
{[%clk 0:01:11]} 70. Kh4 {[%clk 0:01:58]} Nf4 {[%clk 0:00:55]} 71. Bb7
{[%clk 0:01:53]} Ne6 {[%clk 0:00:56]} 72. Kh5 {[%clk 0:01:55]} Nd4
{[%clk 0:01:03]} 0-1

[Event "European Individual Chess Championship 2017"]
[Site "Minsk"]
[Date "2017.06.07"]
[Round "8.13"]
[White "Duda, Jan-Krzysztof"]
[Black "Mchedlishvili, Mikheil"]
[Result "1/2-1/2"]
[BlackElo "2605"]
[WhiteElo "2693"]
[LiveChessVersion "1.4.8"]

1. e4 {[%clk 1:30:56]} c6 {[%clk 1:30:41]} 2. d4 {[%clk 1:31:04]} d5
{[%clk 1:31:02]} 3. Nd2 {[%clk 1:30:55]} dxe4 {[%clk 1:30:46]} 4. Nxe4
{[%clk 1:31:19]} Bf5 {[%clk 1:30:40]} 5. Ng3 {[%clk 1:31:42]} Bg6
{[%clk 1:31:01]} 6. h4 {[%clk 1:31:52]} h6 {[%clk 1:31:15]} 7. Nf3
{[%clk 1:32:17]} e6 {[%clk 1:26:36]} 8. Ne5 {[%clk 1:32:15]} Bh7 {[%clk 1:26:57]}
9. Bd3 {[%clk 1:30:56]} Bxd3 {[%clk 1:26:55]} 10. Qxd3 {[%clk 1:31:21]} Nd7
{[%clk 1:26:36]} 11. f4 {[%clk 1:31:40]} Bb4+ {[%clk 1:21:10]} 12. c3
{[%clk 1:28:34]} Be7 {[%clk 1:21:12]} 13. Nh5 {[%clk 1:24:23]} Bxh4+
{[%clk 1:17:03]} 14. Kd1 {[%clk 1:24:03]} Bf6 {[%clk 1:13:30]} 15. Kc2
{[%clk 1:24:07]} Qe7 {[%clk 1:03:16]} 16. a4 {[%clk 1:13:59]} Rd8
{[%clk 0:47:25]} 17. Qf3 {[%clk 1:11:03]} g6 {[%clk 0:45:38]} 18. Ng3
{[%clk 1:07:13]} Qf8 {[%clk 0:42:40]} 19. Ra3 {[%clk 0:52:05]} Qd6
{[%clk 0:37:09]} 20. Ne4 {[%clk 0:44:45]} Qc7 {[%clk 0:36:57]} 21. g4
{[%clk 0:42:53]} Be7 {[%clk 0:35:28]} 22. Rb3 {[%clk 0:43:03]} Kf8
{[%clk 0:23:26]} 23. Be3 {[%clk 0:30:11]} b6 {[%clk 0:23:07]} 24. c4
{[%clk 0:15:25]} Kg7 {[%clk 0:19:14]} 25. Nxf7 {[%clk 0:10:18]} Kxf7
{[%clk 0:19:18]} 26. f5 {[%clk 0:10:28]} exf5 {[%clk 0:15:31]} 27. gxf5
{[%clk 0:10:45]} g5 {[%clk 0:15:11]} 28. Bxg5 {[%clk 0:09:30]} Bxg5
{[%clk 0:13:51]} 29. Nxg5+ {[%clk 0:09:04]} hxg5 {[%clk 0:14:07]} 30. Rxh8
{[%clk 0:09:29]} Ndf6 {[%clk 0:14:06]} 31. Rd3 {[%clk 0:07:45]} Kg7
{[%clk 0:10:38]} 32. Rh1 {[%clk 0:06:36]} g4 {[%clk 0:07:59]} 33. Qe3
{[%clk 0:06:19]} Kf8 {[%clk 0:07:10]} 34. Qe5 {[%clk 0:05:35]} Qf7
{[%clk 0:07:39]} 35. Kc3 {[%clk 0:01:45]} Qd7 {[%clk 0:04:25]} 36. Rh8
{[%clk 0:00:47]} Qg7 {[%clk 0:04:24]} 37. Rh2 {[%clk 0:00:44]} Qd7
{[%clk 0:03:17]} 38. Rh8 {[%clk 0:00:43]} Qg7 {[%clk 0:03:28]} 39. Rh2
{[%clk 0:01:08]} Qd7 {[%clk 0:01:47]} 40. Rh8 1/2-1/2

[Event "European Individual Chess Championship 2017"]
[Site "Minsk"]
[Date "2017.06.07"]
[Round "8.14"]
[White "Mamedov, Rauf"]
[Black "Pashikian, Arman"]
[Result "1/2-1/2"]
[BlackElo "2603"]
[WhiteElo "2689"]
[LiveChessVersion "1.4.8"]

1. c4 {[%clk 1:30:48]} e6 {[%clk 1:29:20]} 2. g3 {[%clk 1:31:03]} d5
{[%clk 1:26:40]} 3. Bg2 {[%clk 1:30:36]} dxc4 {[%clk 1:26:32]} 4. Qa4+
{[%clk 1:30:45]} c6 {[%clk 1:26:53]} 5. Qxc4 {[%clk 1:31:11]} b5 {[%clk 1:27:00]}
6. Qc2 {[%clk 1:31:06]} Bb7 {[%clk 1:27:16]} 7. a4 {[%clk 1:29:40]} a6
{[%clk 1:23:00]} 8. axb5 {[%clk 1:23:43]} axb5 {[%clk 1:23:20]} 9. Rxa8
{[%clk 1:24:09]} Bxa8 {[%clk 1:23:46]} 10. Nf3 {[%clk 1:24:03]} Nf6
{[%clk 1:13:24]} 11. O-O {[%clk 1:23:36]} Be7 {[%clk 1:05:44]} 12. d4
{[%clk 1:18:54]} O-O {[%clk 1:01:20]} 13. Bg5 {[%clk 1:12:51]} Nbd7
{[%clk 0:58:34]} 14. Bxf6 {[%clk 0:50:21]} gxf6 {[%clk 0:49:03]} 15. Nc3
{[%clk 0:50:10]} Qb6 {[%clk 0:41:01]} 16. Rd1 {[%clk 0:39:54]} b4
{[%clk 0:27:41]} 17. Na4 {[%clk 0:39:09]} Qb5 {[%clk 0:28:06]} 18. b3
{[%clk 0:39:03]} c5 {[%clk 0:26:04]} 19. dxc5 {[%clk 0:26:59]} Bxf3
{[%clk 0:26:27]} 20. Bxf3 {[%clk 0:25:01]} Nxc5 {[%clk 0:26:52]} 21. Kg2
{[%clk 0:16:41]} Rb8 {[%clk 0:17:55]} 22. Rc1 {[%clk 0:15:25]} Nxa4
{[%clk 0:16:09]} 23. bxa4 {[%clk 0:15:52]} Qe5 {[%clk 0:15:19]} 24. Qb3
{[%clk 0:15:20]} f5 {[%clk 0:13:52]} 25. Rc4 {[%clk 0:09:31]} Qa1
{[%clk 0:11:05]} 26. e3 {[%clk 0:06:31]} 1/2-1/2

[Event "European Individual Chess Championship 2017"]
[Site "Minsk"]
[Date "2017.06.07"]
[Round "8.15"]
[White "Artemiev, Vladislav"]
[Black "Alekseenko, Kirill"]
[Result "1-0"]
[BlackElo "2585"]
[WhiteElo "2682"]
[LiveChessVersion "1.4.8"]

1. d4 {[%clk 1:30:29]} d5 {[%clk 1:30:24]} 2. Nf3 {[%clk 1:30:35]} Nf6
{[%clk 1:30:03]} 3. c3 {[%clk 1:30:39]} Bf5 {[%clk 1:24:44]} 4. Qb3
{[%clk 1:30:27]} Qc8 {[%clk 1:24:02]} 5. Bg5 {[%clk 1:29:20]} Nbd7
{[%clk 1:20:41]} 6. e3 {[%clk 1:27:59]} e6 {[%clk 1:18:08]} 7. c4
{[%clk 1:27:38]} c6 {[%clk 1:15:02]} 8. Nc3 {[%clk 1:27:28]} Bd6 {[%clk 1:13:19]}
9. Be2 {[%clk 1:26:09]} O-O {[%clk 1:06:25]} 10. O-O {[%clk 1:25:41]} Qb8
{[%clk 1:03:21]} 11. Bh4 {[%clk 1:23:58]} Ne4 {[%clk 1:02:41]} 12. Bg3
{[%clk 1:20:35]} Nxg3 {[%clk 0:58:44]} 13. hxg3 {[%clk 1:20:48]} h6
{[%clk 0:48:57]} 14. Qd1 {[%clk 1:11:06]} Be7 {[%clk 0:40:52]} 15. Bd3
{[%clk 1:07:16]} dxc4 {[%clk 0:36:51]} 16. Bxc4 {[%clk 0:59:22]} c5
{[%clk 0:36:40]} 17. e4 {[%clk 0:53:36]} Bg4 {[%clk 0:36:03]} 18. d5
{[%clk 0:53:56]} Nb6 {[%clk 0:30:28]} 19. Qb3 {[%clk 0:52:14]} exd5
{[%clk 0:28:38]} 20. Nxd5 {[%clk 0:51:38]} Nxd5 {[%clk 0:28:53]} 21. Bxd5
{[%clk 0:51:58]} Qc7 {[%clk 0:29:10]} 22. e5 {[%clk 0:33:50]} Bxf3
{[%clk 0:23:58]} 23. gxf3 {[%clk 0:32:31]} Rad8 {[%clk 0:14:04]} 24. f4
{[%clk 0:29:00]} b5 {[%clk 0:14:27]} 25. a4 {[%clk 0:27:57]} a6 {[%clk 0:11:54]}
26. axb5 {[%clk 0:28:07]} axb5 {[%clk 0:12:20]} 27. Ra6 {[%clk 0:15:13]} Rb8
{[%clk 0:11:53]} 28. Rfa1 {[%clk 0:12:14]} c4 {[%clk 0:11:11]} 29. Qc2
{[%clk 0:12:32]} Rb6 {[%clk 0:07:55]} 30. Ra7 {[%clk 0:12:48]} Qc5
{[%clk 0:05:56]} 31. Rd7 {[%clk 0:12:47]} Rbb8 {[%clk 0:02:50]} 32. Ra6
{[%clk 0:11:07]} Kh8 {[%clk 0:03:07]} 33. Qf5 {[%clk 0:07:41]} Rbd8
{[%clk 0:01:38]} 34. Rxh6+ {[%clk 0:07:55]} gxh6 {[%clk 0:01:55]} 35. Be4
{[%clk 0:08:20]} 1-0

[Event "European Individual Chess Championship 2017"]
[Site "Minsk"]
[Date "2017.06.07"]
[Round "8.16"]
[White "Hracek, Zbynek"]
[Black "Movsesian, Sergei"]
[Result "1/2-1/2"]
[BlackElo "2680"]
[WhiteElo "2612"]
[LiveChessVersion "1.4.8"]

1. c4 {[%clk 1:30:49]} Nf6 {[%clk 1:30:02]} 2. Nf3 {[%clk 1:31:06]} c6
{[%clk 1:29:20]} 3. Nc3 {[%clk 1:30:01]} d5 {[%clk 1:29:42]} 4. d4
{[%clk 1:30:24]} a6 {[%clk 1:30:03]} 5. e3 {[%clk 1:29:11]} b5 {[%clk 1:26:17]}
6. b3 {[%clk 1:28:25]} Bg4 {[%clk 1:26:17]} 7. h3 {[%clk 1:26:07]} Bxf3
{[%clk 1:23:18]} 8. Qxf3 {[%clk 1:26:30]} e6 {[%clk 1:23:11]} 9. Bd2
{[%clk 1:23:28]} Bb4 {[%clk 1:21:09]} 10. Qd1 {[%clk 1:09:18]} O-O
{[%clk 1:17:53]} 11. Be2 {[%clk 1:07:54]} bxc4 {[%clk 1:13:48]} 12. bxc4
{[%clk 1:08:16]} c5 {[%clk 1:13:58]} 13. O-O {[%clk 1:00:36]} cxd4
{[%clk 1:05:46]} 14. Nxd5 {[%clk 0:55:40]} Nxd5 {[%clk 0:59:29]} 15. cxd5
{[%clk 0:54:58]} Bxd2 {[%clk 0:54:35]} 16. Qxd2 {[%clk 0:55:19]} dxe3
{[%clk 0:54:33]} 17. Qxe3 {[%clk 0:55:41]} exd5 {[%clk 0:54:45]} 18. Bf3
{[%clk 0:42:19]} Nc6 {[%clk 0:53:20]} 19. Rad1 {[%clk 0:40:19]} d4
{[%clk 0:50:30]} 20. Qf4 {[%clk 0:38:26]} Rc8 {[%clk 0:49:58]} 21. Bxc6
{[%clk 0:33:19]} Rxc6 {[%clk 0:50:23]} 22. Rxd4 {[%clk 0:33:45]} Qb8
{[%clk 0:50:14]} 23. Rfd1 {[%clk 0:30:17]} h6 {[%clk 0:48:18]} 24. Qxb8
{[%clk 0:28:37]} Rxb8 {[%clk 0:48:43]} 25. Rd8+ {[%clk 0:29:04]} Rxd8
{[%clk 0:49:06]} 26. Rxd8+ {[%clk 0:29:30]} Kh7 {[%clk 0:49:32]} 27. Ra8
{[%clk 0:29:54]} Rc1+ {[%clk 0:48:46]} 28. Kh2 {[%clk 0:30:20]} Rc2
{[%clk 0:49:13]} 29. Rxa6 {[%clk 0:30:46]} Rxf2 {[%clk 0:49:38]} 1/2-1/2